=LDR 00000nam 2200000 4500 =001 INLIS000000000003579 =005 20130612091900 =008 ***********************************Ind** =035 ##$$0010-061300000003579 =041 ##$$a Ind =082 ##$$a 611.7 =090 ##$$a 611.7, Mun i =100 ##$$a Munandar, A =245 ##$$a Ikhtisar anatomi alat gerak dan ilmu gerak, A. Munandar =260 ##$$a 1992 $b Jakarta =300 ##$$a 164 hlm., ilus., 20 cm =650 ##$$a Anatomi manusia =650 ##$$a Alat gerak =850 ##$$a NBPNMAT